<?xml version="1.0" encoding="UTF-8"?>
<record
    xmlns:xsi="http://www.w3.org/2001/XMLSchema-instance"
    xsi:schemaLocation="http://www.loc.gov/MARC21/slim http://www.loc.gov/standards/marcxml/schema/MARC21slim.xsd"
    xmlns="http://www.loc.gov/MARC21/slim">

  <leader>01010nam a2200253Ia 4500</leader>
  <controlfield tag="003">IN-BaIIA</controlfield>
  <controlfield tag="008">211028s9999    xx            000 0 eng d</controlfield>
  <datafield tag="020" ind1=" " ind2=" ">
    <subfield code="a">3-540-53860-7</subfield>
  </datafield>
  <datafield tag="040" ind1=" " ind2=" ">
    <subfield code="c">IIA Library</subfield>
  </datafield>
  <datafield tag="080" ind1=" " ind2=" ">
    <subfield code="a">524.74(082.1)</subfield>
    <subfield code="b">VAR</subfield>
  </datafield>
  <datafield tag="111" ind1=" " ind2=" ">
    <subfield code="a">Workshop of the Sonderforschungsbereich</subfield>
    <subfield code="c">Germany</subfield>
    <subfield code="d">1990 Sept. 3-5</subfield>
    <subfield code="9">17405</subfield>
  </datafield>
  <datafield tag="245" ind1=" " ind2="0">
    <subfield code="a">Variablity of active galaxies</subfield>
    <subfield code="b">proceedings of a workshop of the Sonderforschungsbereich held in Heidelberg, Germany, 3-5 September 1990</subfield>
    <subfield code="c">edited by W. J. Duschl, S. J. Wagner and M. Camenzind                                                  </subfield>
  </datafield>
  <datafield tag="260" ind1=" " ind2=" ">
    <subfield code="a">Berlin</subfield>
    <subfield code="b">Springer-Verlag</subfield>
    <subfield code="c">1991</subfield>
  </datafield>
  <datafield tag="300" ind1=" " ind2=" ">
    <subfield code="a">xii, 312p.</subfield>
  </datafield>
  <datafield tag="490" ind1=" " ind2=" ">
    <subfield code="a">Lecture notes in physics; v. 377</subfield>
  </datafield>
  <datafield tag="650" ind1=" " ind2=" ">
    <subfield code="a">Active galactic nuclei</subfield>
    <subfield code="9">6209</subfield>
  </datafield>
  <datafield tag="650" ind1=" " ind2=" ">
    <subfield code="a">Active galaxies</subfield>
    <subfield code="9">1285</subfield>
  </datafield>
  <datafield tag="650" ind1=" " ind2=" ">
    <subfield code="a">Astronomy and astrophysics thesaurus</subfield>
  </datafield>
  <datafield tag="650" ind1=" " ind2=" ">
    <subfield code="a">Compact galaxies</subfield>
    <subfield code="9">17406</subfield>
  </datafield>
  <datafield tag="700" ind1=" " ind2=" ">
    <subfield code="a">Camenzind, M., ed.</subfield>
    <subfield code="9">17407</subfield>
  </datafield>
  <datafield tag="700" ind1=" " ind2=" ">
    <subfield code="a">Duschl, W. J., ed.</subfield>
    <subfield code="9">17408</subfield>
  </datafield>
  <datafield tag="700" ind1=" " ind2=" ">
    <subfield code="a">Wagner, S. J., ed.</subfield>
    <subfield code="9">17409</subfield>
  </datafield>
  <datafield tag="942" ind1=" " ind2=" ">
    <subfield code="c">BK</subfield>
  </datafield>
  <datafield tag="999" ind1=" " ind2=" ">
    <subfield code="c">10243</subfield>
    <subfield code="d">10243</subfield>
  </datafield>
  <datafield tag="952" ind1=" " ind2=" ">
    <subfield code="0">0</subfield>
    <subfield code="1">0</subfield>
    <subfield code="4">0</subfield>
    <subfield code="7">0</subfield>
    <subfield code="a">BAN</subfield>
    <subfield code="b">BAN</subfield>
    <subfield code="c">GEN</subfield>
    <subfield code="d">1991-11-18</subfield>
    <subfield code="g">1131.60</subfield>
    <subfield code="l">1</subfield>
    <subfield code="o">524.74(082.1)/ VAR</subfield>
    <subfield code="p">11153</subfield>
    <subfield code="r">2023-12-27</subfield>
    <subfield code="s">2023-12-04</subfield>
    <subfield code="v">1131.60</subfield>
    <subfield code="w">1991-11-18</subfield>
    <subfield code="y">BK</subfield>
    <subfield code="G">Rs. 1131.60</subfield>
  </datafield>
</record>
